• 首页
  • 本馆介绍
  • 公告通知
  • 最新文献
  • 馆藏检索
  • 电子资源
  • 读者导购
  • 参考咨询
  • 我的图书馆
  • 登录
  • 详细信息显示
  • 放入我的书架
  • 预约/预借图书
  • 作者相关作品
  • 分类相关作品
  • 丛书相关作品
  • 出版社相关作品

书目信息

  • 表格格式
  • 工作单格式
  • 卡片格式
题名:
环保健康一点通
    
 
作者: 董宇国 主编
分册:  
出版信息: 北京   军事医学科学出版社  2006
页数: 250页
开本: 20cm
丛书名:
单 册:
中图分类: X503.1
科图分类:
主题词: 环境保护--关系--健康 , 环境保护 , 健康
电子资源:
ISBN: 7-80121-731-4
000 00810nam0 2200241 450
001 010080004501
005 20061119110954.04
010    @a7-80121-731-4@dCNY17.00
100    @a20060407d2006 em y0chiy0110 ea
101 0  @achi
102    @aCN@b110000
105    @aaf z 000yy
200 1  @a环保健康一点通@9huan bao jian kang yi dian tong@f董宇国主编
210    @a北京@c军事医学科学出版社@c金盾出版社@d2006
215    @a250页@c图,肖像@d20cm
330    @a本书主要从医学科学角度阐述了环境污染对健康的危害,以及人们应怎样防护这些危害,提高自我保护意识。相信本书的出版,将成为广大读者环保健康的良师益友。
606 0  @a环境保护@x关系@x健康
606 0  @a环境保护
606 0  @a健康
690    @aX503.1@v4
701  0 @a董宇国@9dong yu guo@4主编
801  0 @aCN@bRENTIAN@c20061119
905    @a10447@dX503.1@e39
    
    环保健康一点通/董宇国主编.-北京:军事医学科学出版社:金盾出版社,2006
    250页:图,肖像;20cm
    
    
    ISBN 7-80121-731-4:CNY17.00
    本书主要从医学科学角度阐述了环境污染对健康的危害,以及人们应怎样防护这些危害,提高自我保护意识。相信本书的出版,将成为广大读者环保健康的良师益友。
●
相关链接 在E读中查询图书 在五车中查询图书 在当当中查询图书 在豆瓣中查询图书


正题名:环保健康一点通     索取号:X503.1/39         预约/预借

序号 登录号 条形码 馆藏地/架位号 状态 备注
1 0393554   203935545   第二样本阅览室/ [索取号:X503.1/39] 在馆    
2 0393555   203935554   第三借阅区/ [索取号:X503.1/39] 在馆    
3 0393556   203935563   第三借阅区/ [索取号:X503.1/39] 在馆    
4 0393557   203935572   第三借阅区/ [索取号:X503.1/39] 在馆    
5 0393558   203935581   第三借阅区/ [索取号:X503.1/39] 在馆    
唐山师范学院图书馆 欢迎您!
大连网信软件有限公司© 版权所有